| 000 | 00647nam a2200241Ia 4500 | ||
|---|---|---|---|
| 003 | OSt | ||
| 005 | 20221007075250.0 | ||
| 006 | a|||||r|||| 00| 0 | ||
| 007 | ta | ||
| 008 | 221006b |||||||| |||| 00| 0 eng d | ||
| 024 | _a5,047 | ||
| 037 | _cTextual | ||
| 040 |
_aFLL _cFLL _beng |
||
| 041 |
_2eng _aeng |
||
| 082 | _aZ2,846, K6.2;1 | ||
| 100 |
_aVenkataraman S. Au. _9692582 |
||
| 245 | 0 | _aLaw of limitation and prescription | |
| 250 | _a8th | ||
| 260 |
_aNew Delhi _bEastern Law house India _c1994 |
||
| 300 |
_a2027p _ccm. |
||
| 942 |
_hZ2,846, K6.2;1 _cTEXL _2CC |
||
| 999 |
_c1155402 _d1155402 |
||